Approximation algorithms for NP-hard problems
Αποθηκεύτηκε σε:
| Άλλοι συγγραφείς: | |
|---|---|
| Μορφή: | Βιβλίο |
| Γλώσσα: | English |
| Δημοσίευση: |
Boston :
PWS Pub.Co.,
c1997.
|
| Θέματα: | |
| Ετικέτες: |
Προσθήκη ετικέτας
Δεν υπάρχουν, Καταχωρήστε ετικέτα πρώτοι!
|
MARC
| LEADER | 00000cam a2200000 i 4500 | ||
|---|---|---|---|
| 001 | 1/60782 | ||
| 008 | 020409s1999 gw ||| | eng|| | ||
| 020 | |a 053494968-1 | ||
| 035 | |l 10000742 | ||
| 040 | |a GR-MyUA |b gre |e AACR2 | ||
| 041 | 0 | |a eng | |
| 082 | 0 | |a 511.42 | |
| 245 | 1 | 0 | |a Approximation algorithms for NP-hard problems / |c edited by Dorit S. Hochbaum. |
| 260 | |a Boston : |b PWS Pub.Co., |c c1997. | ||
| 300 | |a xxii, 596 σ. : |b εικ. ; |c 24 εκ. | ||
| 504 | |a Περιέχει βιβλιογραφικές αναφορές και ευρετήριο. | ||
| 650 | 0 | 0 | |a Programming (Mathematics) |
| 650 | 0 | 0 | |a Approximation theory. |
| 650 | 0 | 0 | |a Algorithms. |
| 700 | 1 | |a Hochbaum, Dorit S. |e edt | |
| 852 | |a INST |b SAMOS |e 20020409 |h 511.42 APP |p 005300020155 |q 005300020155 |t BK |y 0 | ||
| 901 | |a BIBL3-2002-1 | ||
| 909 | |a Σ |b 087443 | ||
| 922 | |a 3ΕΛΗ |b 200002 |c ΤΠΕΣ/ΠΟΛ |d LEADER | ||
| 970 | |a ΜΑΛΑΓΑΡΗ |b ΦΩΤΕΙΝΗ |z 2002/04/09 | ||